<?xml version="1.0" encoding="UTF-8"?><?xml-stylesheet type="text/xsl" href="static/style.xsl"?><OAI-PMH xmlns="http://www.openarchives.org/OAI/2.0/" xmlns:xsi="http://www.w3.org/2001/XMLSchema-instance" xsi:schemaLocation="http://www.openarchives.org/OAI/2.0/ http://www.openarchives.org/OAI/2.0/OAI-PMH.xsd"><responseDate>2026-06-01T02:39:43Z</responseDate><request verb="GetRecord" identifier="oai:docta.ucm.es:20.500.14352/130872" metadataPrefix="marc">https://docta.ucm.es/rest/oai/request</request><GetRecord><record><header><identifier>oai:docta.ucm.es:20.500.14352/130872</identifier><datestamp>2026-01-24T01:21:14Z</datestamp><setSpec>com_20.500.14352_14</setSpec><setSpec>col_20.500.14352_15</setSpec></header><metadata><record xmlns="http://www.loc.gov/MARC21/slim" xmlns:dcterms="http://purl.org/dc/terms/" xmlns:xsi="http://www.w3.org/2001/XMLSchema-instance" xmlns:doc="http://www.lyncode.com/xoai" xsi:schemaLocation="http://www.loc.gov/MARC21/slim http://www.loc.gov/standards/marcxml/schema/MARC21slim.xsd">
   <leader>00925njm 22002777a 4500</leader>
   <datafield ind2=" " ind1=" " tag="042">
      <subfield code="a">dc</subfield>
   </datafield>
   <datafield ind2=" " ind1=" " tag="720">
      <subfield code="a">Sanz Ruiz, Cristina</subfield>
      <subfield code="e">author</subfield>
   </datafield>
   <datafield ind2=" " ind1=" " tag="260">
      <subfield code="c">2024</subfield>
   </datafield>
   <datafield ind2=" " ind1=" " tag="520">
      <subfield code="a">RESUMEN: El presente artículo pretende contribuir al estudio de la novela española contemporánea a partir del examen de  uno de los fenómenos literarios más fecundos de la última década: la llamada novela de la crisis. Para ello, examinamos la genealogía del término -que comenzó a usarse a partir de 2013 a raíz de la publicación de «En la orilla» de Rafael Chirbes-, así como su recorrido durante el decenio de los años diez, tanto a nivel académico como divulgativo. Asimismo, comparamos, desde una perspectiva crítica, las distintas propuestas de definición y clasificación que se han elaborado sobre esta controvertida etiqueta hasta ahora.</subfield>
   </datafield>
   <datafield ind2=" " ind1=" " tag="520">
      <subfield code="a">ABSTRACT: This article aims to contribute to the study of contemporary Spanish literature by examining one of the most prolific literary phenomena of the last decade: «the so-called crisis novel». To achieve this, we  explore the genealogy of the  term, which began to be used around 2013 following  the  publication of «En la orilla» by Rafael Chirbes. We also analyze its trajectory during the decade of the 2010s, both at the academic and popular levels. Furthermore, we critically compare  the different proposals for definition and classification for this controversial label up to the present.</subfield>
   </datafield>
   <datafield ind1="8" ind2=" " tag="024">
      <subfield code="a">Sanz Ruiz, Cristina. «La Novela De La Crisis: Genealogía, Andanzas Y Fortuna De Un Marbete Controvertido». Cuadernos Para La Investigación De La Literatura Hispánica, n.º 50, diciembre de 2024, pp. 365-90, https://doi.org/10.51743/cilh.vi50.488.</subfield>
   </datafield>
   <datafield ind1="8" ind2=" " tag="024">
      <subfield code="a">0210-0061</subfield>
   </datafield>
   <datafield ind1="8" ind2=" " tag="024">
      <subfield code="a">10.51743/cilh.vi50.488</subfield>
   </datafield>
   <datafield ind1="8" ind2=" " tag="024">
      <subfield code="a">https://hdl.handle.net/20.500.14352/130872</subfield>
   </datafield>
   <datafield ind1="8" ind2=" " tag="024">
      <subfield code="a">2660-647X</subfield>
   </datafield>
   <datafield ind1="8" ind2=" " tag="024">
      <subfield code="a">https://doi.org/10.51743/cilh.vi50.488</subfield>
   </datafield>
   <datafield ind1="8" ind2=" " tag="024">
      <subfield code="a">https://revistas.fuesp.com/cilh/article/view/488</subfield>
   </datafield>
   <datafield ind1="8" ind2=" " tag="024">
      <subfield code="a">https://www.fuesp.com/</subfield>
   </datafield>
   <datafield ind2="0" ind1="0" tag="245">
      <subfield code="a">La novela de la crisis : genealogía, andanzas y fortuna de un marbete controvertido</subfield>
   </datafield>
   <datafield ind2="0" ind1="0" tag="245">
      <subfield code="a">Crisis Novel: Genealogy, Wanderings and Fortune of a Controversial Label</subfield>
   </datafield>
</record></metadata></record></GetRecord></OAI-PMH>